| 000 | 02134nam0a2200337 i 4500 | ||
|---|---|---|---|
| 001 | RU\NLR\BIBL_A\09994794 | ||
| 005 | 20260408083957.0 | ||
| 010 |
_a9785751317997 _950 |
||
| 021 |
_aRU _b2013-73895 _95067 |
||
| 035 | _a(NLR Aleph) 009994794 | ||
| 090 |
_a9754135 _c9754135 |
||
| 100 | _a20131101d2013 km y0rusy50 ca | ||
| 101 | 0 | _arus | |
| 102 | _aRU | ||
| 105 | _aa|||z|||000yy | ||
| 200 | 1 |
_aАнтибактериальная терапия на педиатрическом участке _eсборник статей республиканской конференции _fМ-во образования и науки Российской Федерации, ФГАУО ВПО "Северо-Восточный федеральный ун-т им. М. К. Аммосова", М-во здравоохранения Респ. Саха (Якутия), Упр. здравоохранения г. Якутска, ГБУ РС (Я) "Республиканская больница" № 1 - Нац. центр медицины" _g[отв. ред. О. Н. Иванова] |
|
| 210 |
_aЯкутск _cИздательский дом Северо-Восточного федерального университета _d2013 |
||
| 215 |
_a32 с. _cил. _d21 |
||
| 320 | _aБиблиогр. в конце ст. | ||
| 606 |
_aДети _jСборники _xБолезни _xАнтибактериальная терапия _92193971 _3RU\NLR\AUTH\661318699 |
||
| 610 | 0 | _aантибактериальная терапия | |
| 675 | _a616-053.2-085.28(082) | ||
| 686 | 1 | _aР733-52я43 | |
| 702 | 1 |
_4340 _8rus _7ca _aИванова _bО. Н. _cд-р мед. наук, педиатрия _gОльга Николаевна _3RU\NLR\AUTH\7781682 _964610 |
|
| 712 | 0 | 2 |
_4570 _aСеверо-Восточный федеральный университет им. М. К. Аммосова _cЯкутск _3RU\NLR\AUTH\8810178060 _9852256 |
| 801 | 0 |
_aRU _bRuMoRKP _c20130916 _gRCR |
|
| 801 | 2 |
_aRU _bРГБ _c20131003 _grcr |
|
| 942 | _cBOOK | ||
| 980 | _aNBR | ||